000 00368nam a2200145Ia 4500
008 230917s9999||||xx |||||||||||||| ||und||
040 _e95892
_aMAIN
041 _aEnglish
082 _a150 E59C
100 _aEllis, Rob
245 0 _aConnectionist Psychology: A text with readings
260 _aU K
_bPsychology Press
_c1999
300 _axvi, 687 p.
942 _cBK
999 _c115141
_d115141